00976nam a22002897a 4500003000900000008004100009040007100050082002000121245002300141260004200164300002600206440003100232505003300263650002100296650001600317650002800333650002000361650002600381700004000407700004100447700003300488700003200521700002500553700002200578700003500600700005100635AR-CdUCM190313b ||||| |||| 00| 0 spa d aMUNICIPALIDAD PROVINCIAL DEL CUSCOcBIBLIOTECA MUNICIPAL DEL CUSCO a869.56018 /bF6 aFormas de la voz / aLima : bGráfica Mercagraph,c1957. aXvi paginas ;c21 cm. aCuaderno de poesían : 1 aContenido :Poemas de la voz. aPoesía peruana aColecciones aLiteratura del siglo XX aPoetas peruanos aCuadernos de poesía aGalarza Alcántara, Jaime (Editor) aPérez Contreras, Almegiro (Editor) aEspinoza Bravo, Clodoaldo A. aGalarza Alcántara, Jaime  aContreras Sosa, Juan aCastilla, Armando aCaparó Valdeiglésias, Luis aContreras Terrazos, Alejandro y otros (Poetas)